00631cam a2200193 a 4500003000400000005001700004008004100021017005300062020001800115040002700133100002100160245007500181260003500256300001800291490004300309504003100352650003700383700001700420OSt20140225170308.0130204s2012 sp | |||| 000 0 spasd aB 26352-2012bOficina Depósito Legal Barcelona a9788490291726 aSpMaBNcCDMRerdcbcat1 aArgudo, Sílvia10aMejorar las búsquedas de informacióncSílvia Argudo, Amadeu Pons aBarcelonabEditorial UOCc2012 a108 p.c18 cm0 aEl profesional de la informaciónv10 aBibliografía: p. 107-108 aPeriodismexFonts d'informació1 aPons, Amadeu